000 00472nam a2200205Ia 4500
003 IT-RoPAU
008 120407s9999 xx 000 0 und d
040 _aIT-RoPAU
040 _cIT-RoPAU
041 _afra
100 _aBenhard Haring
245 _aLa loi du Christ. Théologie morale à l’intention des pretres et des laics
250 _aTorino
260 _aDesclée
260 _c1960
300 _c24.5 cm
490 _v3
942 _cBK
999 _c13620
_d13620